Normale Ansicht MARC-Ansicht ISBD

Russia's Greatest Enemy? (Titelsatznr. 56148)

[ MARC ]
MARC-Details
000 -Satzkennung
Kontrollfeld mit fester Länge 01717nam a22003133u 4500
001 - Kontrollnummer
Kontrollfeld drd-44431076
003 - Kontrollnummer Identifier
Kontrollfeld RU-10907106
005 - Datum und Zeit der letzten Transaktion
Kontrollfeld 20210727114322.0
007 - Feld mit fester Länge zur physischen Beschreibung - Allgemeine Information
Kontrollfeld mit fester Länge tu
008 - Feld mit fester Länge zur physischen Beschreibung - Allgemeine Angaben
Kontrollfeld mit fester Länge 210426| ||||| |||| 00| u ger d
020 ## - Internationale Standardbuchnummer
Internationale Standardbuchnummer 9781350175211
Verknüpfung 978-1-350-17521-1
040 ## - Katalogisierungsquelle
Übertragungsstelle RU-10907106
Original-Katalogisierungsstelle RU-10907106
Katalogisierungssprache ger
041 ## - Sprachcode
Sprachcode des Textes/der Tonspur oder des separaten Titels eng
100 1# - Haupteintragung - Personenname
Personenname Alston, Dr Charlotte
Funktionsbezeichnungscode aut
Funktionsbezeichnung Verfasser
245 10 - Titel
Titel Russia's Greatest Enemy?
Zusatz zum Titel Harold Williams and the Russian Revolutions
264 ## - Produktion, Veröffentlichung, Distribution, Herstellung und Urheberrechtsvermerk
Herstellungs-, Veröffentlichungs- Vertriebs-, Erzeugungsort London
Produzent, Herausgeber, Distributor, Hersteller Bloomsbury Academic
Datum der Herstellung, der Veröffentlichung, des Vertriebs oder des Urheberschutzvermerks 2020
300 ## - Physische Beschreibung
Umfang 278 Seiten
336 ## - Inhaltstyp
Inhaltstypterm Text
Inhaltstypcode txt
336 ## - Inhaltstyp
Quelle rdacontent
337 ## - Medientyp
Bezeichnung des Medientyps ohne Hilfsmittel zu benutzen
Medientypcode n
337 ## - Medientyp
Quelle rdamedia
338 ## - Datenträgertyp
Datenträgertypbezeichnung Band
Datenträgertypcode nc
338 ## - Datenträgertyp
Quelle rdacarrier
520 ## - Fußnote zu Zusammenfassungen usw.
Fußnote zur Zusammenfassung usw. A remarkably talented linguist, foreign correspondent in Russia from 1904 to 1921 and Foreign Editor for 'The Times', Russia's Greatest Enemy? traces the fascinating life and career of Harold Williams. This quiet and modest New Zealander played a central role in informing and influencing British opinion on Russia from the twilight of the Tsars, through War and Revolution, to the rise of the Soviet Union. The career of this keen Russophile and fierce opponent of Bolshevism illuminates the pre-First World War movement towards rapprochement with the Tsar, as well as the drive for intervention and isolation in the Soviet period. In this fascinating study, Charlotte Alston explores the role of Williams as Russia's interpreter to the British and the Britain's to Russia in this turbulent period in the history of both countries
600 ## - Nebeneintragung unter einem Schlagwort - Personenname
Personenname Williams, Harold <1876-1928>
651 ## - Nebeneintragung unter einem Schlagwort - Geografischer Name
Geografischer Name Großbritanien
651 ## - Nebeneintragung unter einem Schlagwort - Geografischer Name
Geografischer Name Russland
942 ## - Zusätzliche Felder (Koha)
Klassifikation oder Aufstellungssystematik Andere/Generische Klassifikation
Koha-Medientyp Monographien
Exemplare
Ausgeschieden Verloren Klassifikation oder Aufstellungssystematik Beschädigt Nicht entleihbar Heimatbibliothek Aufenthaltsbibliothek Aufstellungsort Erwerbungsdatum Inventarnummer Signatur Barcode Letzte Aktivität Preis gültig von Koha-Medientyp
    Andere/Generische Klassifikation     MWN Osteuropa MWN Osteuropa Magazin - 2 29/03/2021 21-01564 R 61 ec Wil E00401082D370DFB 29/03/2021 29/03/2021 Monographien